20 Largest cities in Georgia - Statistics

General Stats
  • This quiz has been taken 18 times
  • The average score is 9 of 20
Answer Stats
Hint Answer % Correct
499,127 Atlanta
100%
148,004 Savannah
94%
156,197 Macon
89%
129,874 Athens
72%
206,640 Augusta
72%
202,616 Columbus
61%
67,267 Alpharetta
44%
107,763 Sandy Springs
44%
55,074 Valdosta
44%
82,175 Warner Robins
44%
62,602 Marietta
39%
92,950 Roswell
33%
67,192 Albany
28%
52,201 Dunwoody
28%
56,160 Smyrna
28%
82,453 Johns Creek
22%
111,158 South Fulton
17%
57,934 Brookhaven
11%
45,282 Gainesville
11%
61,087 Stonecrest
0%
No matching quizzes found
Score Distribution
Percent of People with Each Score
Percentile by Number Answered
Your Score History
You have not taken this quiz